[Event "ROU-ch Open 2021"]
[Site "Iasi"]
[Date "2021.04.20"]
[Round "3.7"]
[White "Deac, Bogdan-Daniel"]
[Black "Ghimpu, Samuel-Timotei"]
[Result "1/2-1/2"]
[WhiteElo "2625"]
[BlackElo "2315"]
[Annotator "TA"]
[PlyCount "138"]
[EventDate "2021.04.19"]
[EventType "swiss"]
[EventCountry "ROU"]
[SourceTitle "playchess.com"]
[Source "ChessBase"]
[SourceQuality "1"]

{[%evp 13,138,-5,11,7,3,0,10,8,39,0,0,0,14,10,15,14,18,6,13,14,14,14,14,14,14,13,0,16,12,0,0,0,0,0,0,0,0,0,0,0,0,0,0,0,0,0,2,0,0,-6,-4,-8,-2,-5,-4,-4,0,0,0,-11,7,7,3,0,0,0,0,0,0,0,0,0,0,0,0,0,8,8,5,0,0,0,0,0,0,0,14,64,68,65,72,60,52,9,9,9,9,9,23,9,9,0,0,0,0,0,0,0,0,0,0,0,0,0,0,0,0,0,0,0,0,0,0,0,0,0,0]} 1. c4 Nf6 2. Nc3 e5 3. Nf3 Nc6 4. e3 Bb4 5. Qc2 O-O 6. Nd5 Re8 7. Bd3 h6 8. Nxf6+ {A28: English Opening: Four Knights Variation.} Qxf6 9. Be4 {[#]} a5 $146 ({Predecessor:} 9... Bf8 10. b3 g6 11. Bb2 Bg7 12. O-O Qe7 13. a3 f5 14. Bd5+ Kh7 15. c5 d6 {0-1 (44) Shvedchikov,A (2285)-Zakhartsov,V (2481) Moscow 2018}) 10. b3 d6 11. Bb2 a4 12. bxa4 Bc5 13. O-O Bg4 14. Bc3 Bb6 15. Rab1 Ra7 16. Rb5 Rea8 17. a5 Bxa5 {[#]} 18. Rxb7 $1 {[%mdl 64] Remove Defender} Rxb7 19. Bxc6 Rbb8 {[%cal Bb7b8,Bb8a8,Ba8a3][%mdl 32]} 20. Bxa8 Rxa8 21. Nxe5 {Hoping for Qe4.} Bf5 22. e4 {[#] Strongly threatening Nc6.} Bxc3 23. dxc3 Be6 24. Nf3 Bxc4 25. Ra1 Ra3 26. Nd4 Qe5 27. Qb2 Qa5 28. Qb4 Qxb4 29. cxb4 $11 {[%mdl 4096] Endgame KRB-KRN} c5 30. Nc6 (30. bxc5 {is interesting.} dxc5 31. Nf5 Rxa2 32. Rxa2 Bxa2 33. f3) 30... Ra6 31. Na5 Bd3 32. a3 Bxe4 33. f3 Bf5 34. Rd1 Bg6 35. Rc1 f6 36. Kf2 cxb4 37. axb4 Rb6 38. Rc4 Bf7 39. Rd4 Kf8 40. Ke3 Ke7 41. Rd2 Kd7 42. Rb2 Rb5 43. Kd4 g5 44. Nc4 Bxc4 45. Kxc4 {KR-KR} Rf5 46. Re2 h5 47. h3 Kc6 48. Kd4 Kb5 49. Re6 d5 50. Rd6 Kxb4 51. Rxd5 Rf4+ 52. Kd3 {Threatens to win with Rd4+.} Kb3 $1 53. Rb5+ Ka4 $1 {[%cal Ra4b5]} 54. Rb2 (54. Rb6 {seems wilder.} Ka5 55. Rb3 h4 56. Ke3 Ka6 57. Rb8) 54... h4 55. Rb1 Ka3 56. Rb6 (56. Rb5 {looks sharper.} Ka4 57. Rd5 Kb3 58. Rd4 Rf5 59. Rd6) 56... Ka4 $1 {The position is equal.} 57. Rd6 {And now Rd4+ would win.} Kb5 58. Rd4 {Rxf4 is the strong threat.} Rf5 59. f4 Kc6 ({Much weaker is} 59... gxf4 60. Ke4 $16) (59... Rxf4 60. Rxf4 gxf4 61. Ke4 Kc4 62. Kxf4 Kd4 63. Kf5 Kd5 64. Kxf6) 60. Ke3 Ra5 61. Rd3 Ra4 62. fxg5 fxg5 63. Rd8 g4 64. hxg4 Rxg4 65. Kf3 Rg3+ 66. Kf2 Rg4 67. Rd3 Kc5 68. Kg1 Rg3 69. Rd2 h3 {Weighted Error Value: White=0.03/Black=0.03} 1/2-1/2

[Event "ROU-ch Open 2021"]
[Site "Iasi"]
[Date "2021.04.20"]
[Round "3.8"]
[White "Ciorgovean, Iustin"]
[Black "Nevednichy, Vladislav"]
[Result "0-1"]
[WhiteElo "2338"]
[BlackElo "2533"]
[Annotator "ChessBase"]
[PlyCount "64"]
[EventDate "2021.04.19"]
[EventType "swiss"]
[EventCountry "ROU"]
[SourceTitle "playchess.com"]
[Source "ChessBase"]
[SourceQuality "1"]
[TimeControl "5400+30"]

1. d4 {[%emt 0:00:00]} Nf6 {[%emt 0:00:00]} 2. c4 {[%emt 0:00:00]} e6 {[%emt 0:00:00]} 3. Nc3 {[%emt 0:00:00]} d5 {[%emt 0:00:04]} 4. cxd5 {[%emt 0:00:00]} exd5 {[%emt 0:00:03]} 5. Bg5 {[%emt 0:00:00]} c6 {[%emt 0:00:06]} 6. e3 {[%emt 0:00:00]} Nbd7 {[%emt 0:00:58]} 7. Bd3 {[%emt 0:00:07]} Be7 {[%emt 0:00:26]} 8. h3 {[%emt 0:00:21]} O-O {[%emt 0:02:44]} 9. Qc2 {[%emt 0:00:50]} Re8 {[%emt 0:00:59]} 10. Nf3 {[%emt 0:00:28]} Ne4 {[%emt 0:05:14]} 11. Bxe4 {[%emt 0:08:25]} dxe4 {[%emt 0:00:09]} 12. Nxe4 {[%emt 0:02:20]} Bxg5 {[%emt 0:00:34]} 13. Nexg5 {[%emt 0:04:33]} Nf8 {[%emt 0:00:22]} 14. h4 {[%emt 0:28:32]} h6 {[%emt 0:04:57]} 15. Nh3 {[%emt 0:00:24]} Qf6 {[%emt 0:09:18]} 16. Kf1 {[%emt 0:04:13]} Bf5 {[%emt 0:03:29]} 17. Qc3 {[%emt 0:02:24]} Ne6 {[%emt 0:02:23]} 18. Nhg1 {[%emt 0:04:20]} Rad8 {[%emt 0:05:41]} 19. Rc1 {[%emt 0:08:13]} c5 {[%emt 0:17:12]} 20. dxc5 {[%emt 0:06:50]} Bd3+ {[%emt 0:00:16]} 21. Ke1 {[%emt 0:07:13]} Qg6 {[%emt 0:00:11]} 22. Rh2 {[%emt 0:01:45]} Nf4 {[%emt 0:11:06]} 23. h5 {[%emt 0:10:29]} Rxe3+ {[%emt 0:02:47]} 24. fxe3 {[%emt 0:00:00]} Qg3+ {[%emt 0:00:04]} 25. Kd1 {[%emt 0:00:02]} Be4+ {[%emt 0:03:08]} 26. Qd2 {[%emt 0:00:08]} Rxd2+ {[%emt 0:00:21]} 27. Kxd2 {[%emt 0:00:15]} Qf2+ {[%emt 0:00:19]} 28. Kd1 {[%emt 0:00:26]} Qf1+ {[%emt 0:02:02]} 29. Kd2 {[%emt 0:00:22]} Qd3+ {[%emt 0:00:07]} 30. Ke1 {[%emt 0:00:17]} Qxe3+ {[%emt 0:00:03]} 31. Kd1 {[%emt 0:00:19]} Bxf3+ {[%emt 0:00:05]} 32. Nxf3 {[%emt 0:00:04]} Qe2# {[%emt 0:00:06]} 0-1

[Event "ROU-ch Open 2021"]
[Site "Iasi"]
[Date "2021.04.20"]
[Round "3.9"]
[White "Jianu, Vlad-Cristian"]
[Black "Antonica, Dragos-Andrei"]
[Result "1-0"]
[WhiteElo "2532"]
[BlackElo "2291"]
[Annotator "ChessBase"]
[PlyCount "65"]
[EventDate "2021.04.19"]
[EventType "swiss"]
[EventCountry "ROU"]
[SourceTitle "playchess.com"]
[Source "ChessBase"]
[SourceQuality "1"]
[TimeControl "5400+30"]

1. d4 {[%emt 0:00:00]} Nf6 {[%emt 0:03:35]} 2. Nf3 {[%emt 0:00:00]} e6 {[%emt 0:00:09]} 3. g3 {[%emt 0:00:00]} b6 {[%emt 0:00:59]} 4. Bg2 {[%emt 0:00:00]} Bb7 {[%emt 0:01:49]} 5. O-O {[%emt 0:00:01]} Be7 {[%emt 0:01:51]} 6. c4 {[%emt 0:00:12]} O-O {[%emt 0:00:30]} 7. Nc3 {[%emt 0:00:05]} d5 {[%emt 0:01:02]} 8. cxd5 {[%emt 0:00:13]} Nxd5 {[%emt 0:02:49]} 9. Nxd5 {[%emt 0:00:06]} exd5 {[%emt 0:02:05]} 10. Bf4 {[%emt 0:00:10]} Nd7 {[%emt 0:02:13]} 11. Rc1 {[%emt 0:00:18]} c6 {[%emt 0:18:05]} 12. Qa4 {[%emt 0:01:10]} Re8 {[%emt 0:01:21]} 13. h4 {[%emt 0:07:48]} Bf6 {[%emt 0:08:15]} 14. Rfe1 {[%emt 0:04:55]} Nf8 {[%emt 0:01:38]} 15. Be5 {[%emt 0:07:28]} Be7 {[%emt 0:10:02]} 16. e3 {[%emt 0:08:30]} f6 {[%emt 0:11:25]} 17. Bf4 {[%emt 0:00:05]} Ne6 {[%emt 0:00:39]} 18. Qb3 {[%emt 0:13:38]} Nxf4 {[%emt 0:05:42]} 19. exf4 {[%emt 0:01:12]} Bf8 {[%emt 0:05:00]} 20. Bh3 {[%emt 0:02:36]} Qd6 {[%emt 0:04:07]} 21. Qd3 {[%emt 0:01:09]} Re7 {[%emt 0:08:56]} 22. Rxe7 {[%emt 0:06:52]} Bxe7 {[%emt 0:00:37]} 23. Bf5 {[%emt 0:01:34]} g6 {[%emt 0:02:35]} 24. Bxg6 {[%emt 0:00:35]} hxg6 {[%emt 0:00:02]} 25. Qxg6+ {[%emt 0:00:06]} Kh8 {[%emt 0:03:03]} 26. Re1 {[%emt 0:01:06]} Rf8 {[%emt 0:00:45]} 27. Qh6+ {[%emt 0:30:54]} Kg8 {[%emt 0:00:02]} 28. Qg6+ {[%emt 0:00:04]} Kh8 {[%emt 0:00:01]} 29. Ng5 {[%emt 0:01:38]} fxg5 {[%emt 0:00:02]} 30. Re6 {[%emt 0:00:04]} Qd8 {[%emt 0:03:18]} 31. Qh5+ {[%emt 0:02:07]} Kg8 {[%emt 0:00:02]} 32. Rg6+ {[%emt 0:00:07]} Kf7 {[%emt 0:00:04]} 33. Rh6+ {[%emt 0:00:18]} 1-0

[Event "ROU-ch Open 2021"]
[Site "Iasi"]
[Date "2021.04.20"]
[Round "3.10"]
[White "Gheorghiu, Calin"]
[Black "Nanu, Costica-Ciprian"]
[Result "0-1"]
[WhiteElo "2283"]
[BlackElo "2503"]
[Annotator "ChessBase"]
[PlyCount "70"]
[EventDate "2021.04.19"]
[EventType "swiss"]
[EventCountry "ROU"]
[SourceTitle "playchess.com"]
[Source "ChessBase"]
[SourceQuality "1"]
[TimeControl "5400+30"]

1. d4 {[%emt 0:00:52]} Nf6 {[%emt 0:00:00]} 2. Bf4 {[%emt 0:00:04]} d6 {[%emt 0:00:16]} 3. Nc3 {[%emt 0:01:32]} Nbd7 {[%emt 0:00:09]} 4. Nf3 {[%emt 0:01:01]} c6 {[%emt 0:00:16]} 5. e4 {[%emt 0:01:37]} Qa5 {[%emt 0:00:13]} 6. e5 {[%emt 0:09:57]} Ne4 {[%emt 0:06:23]} 7. exd6 {[%emt 0:26:50]} Nxc3 {[%emt 0:01:10]} 8. bxc3 {[%emt 0:00:57]} exd6 {[%emt 0:04:44]} 9. Bd3 {[%emt 0:16:50]} Be7 {[%emt 0:10:26]} 10. O-O {[%emt 0:00:36]} Nf6 {[%emt 0:00:17]} 11. Re1 {[%emt 0:02:23]} Qd8 {[%emt 0:00:52]} 12. h3 {[%emt 0:05:55]} O-O {[%emt 0:00:36]} 13. c4 {[%emt 0:00:55]} Re8 {[%emt 0:00:33]} 14. Qd2 {[%emt 0:05:16]} Bd7 {[%emt 0:05:30]} 15. Rab1 {[%emt 0:00:20]} b6 {[%emt 0:00:10]} 16. Re2 {[%emt 0:04:03]} Bf8 {[%emt 0:00:37]} 17. Rxe8 {[%emt 0:00:56]} Nxe8 {[%emt 0:00:25]} 18. Re1 {[%emt 0:03:45]} h6 {[%emt 0:03:37]} 19. c3 {[%emt 0:00:44]} Nf6 {[%emt 0:00:13]} 20. g4 {[%emt 0:03:04]} Qc8 {[%emt 0:03:55]} 21. Kh2 {[%emt 0:01:06]} c5 {[%emt 0:02:14]} 22. d5 {[%emt 0:01:06]} b5 {[%emt 0:05:06]} 23. cxb5 {[%emt 0:00:55]} c4 {[%emt 0:01:13]} 24. Bc2 {[%emt 0:00:03]} Qc5 {[%emt 0:01:26]} 25. a4 {[%emt 0:02:11]} Nxd5 {[%emt 0:01:24]} 26. Be4 {[%emt 0:00:25]} Nxf4 {[%emt 0:00:05]} 27. Bxa8 {[%emt 0:01:47]} Nd3 {[%emt 0:00:24]} 28. Re3 {[%emt 0:00:57]} d5 {[%emt 0:00:14]} 29. Rxd3 {[%emt 0:01:19]} cxd3 {[%emt 0:00:15]} 30. Kg1 {[%emt 0:00:08]} Qc4 {[%emt 0:10:52]} 31. Ne5 {[%emt 0:01:29]} Qe4 {[%emt 0:00:52]} 32. Nxd3 {[%emt 0:00:18]} Qxa4 {[%emt 0:00:44]} 33. Bxd5 {[%emt 0:00:39]} Bxb5 {[%emt 0:00:29]} 34. Ne5 {[%emt 0:00:55]} Be8 {[%emt 0:00:22]} 35. Qe3 {[%emt 0:02:48]} Qd1+ {[%emt 0:00:11]} 0-1

[Event "ROU-ch Open 2021"]
[Site "Iasi"]
[Date "2021.04.20"]
[Round "3.11"]
[White "Isfan, Ioan-Marius"]
[Black "Filip, Lucian-Ioan"]
[Result "1/2-1/2"]
[WhiteElo "2263"]
[BlackElo "2442"]
[Annotator "NA"]
[PlyCount "48"]
[EventDate "2021.04.19"]
[EventType "swiss"]
[EventCountry "ROU"]
[SourceTitle "playchess.com"]
[Source "ChessBase"]
[SourceQuality "1"]
[TimeControl "5400+30"]

1. d4 {[%emt 0:00:00]} e6 {[%emt 0:00:00]} 2. Nf3 {[%emt 0:00:00]} c5 {[%emt 0:00:00]} 3. c4 {[%emt 0:00:00]} cxd4 {[%emt 0:00:00]} 4. Nxd4 {[%emt 0:00:00]} Nf6 {[%emt 0:03:49]} 5. g3 {[%emt 0:02:47]} Qa5+ {[%emt 0:08:21]} 6. Bd2 {[%emt 0:14:12]} Qb6 {[%emt 0:02:34]} 7. Bc3 {[%emt 0:00:08]} Ne4 {[%emt 0:00:39]} 8. Bg2 {[%emt 0:01:49]} Nxc3 {[%emt 0:01:44]} 9. Nxc3 {[%emt 0:00:04]} Nc6 {[%emt 0:14:21]} 10. Nxc6 {[%emt 0:07:00]} bxc6 {[%emt 0:02:25]} 11. Qc2 {[%emt 0:07:35]} Ba6 {[%emt 0:03:18]} 12. b3 {[%emt 0:02:47]} d5 {[%emt 0:02:09]} 13. O-O $11 {[%emt 0:02:32]} Rc8 {[%emt 0:05:07]} 14. Rfd1 {[%emt 0:07:27]} Be7 {[%emt 0:01:41]} 15. Rac1 {[%emt 0:01:51]} O-O {[%emt 0:00:41]} 16. Na4 {[%emt 0:04:12]} Qa5 {[%emt 0:02:04]} 17. Qd2 {[%emt 0:01:34]} Bb4 {[%emt 0:13:06]} 18. Qg5 {[%emt 0:01:01]} Rfd8 {[%emt 0:06:49]} 19. Bf3 {[%emt 0:20:21]} h6 {[%emt 0:23:58]} 20. Qh5 {[%emt 0:00:14]} dxc4 {[%emt 0:01:25]} 21. Qxa5 {[%emt 0:01:01]} Bxa5 {[%emt 0:00:06]} 22. Nc5 {[%emt 0:00:02]} Rxd1+ {[%emt 0:05:55]} 23. Rxd1 {[%emt 0:00:01]} Bb5 {[%emt 0:00:13]} 24. a4 {[%emt 0:00:20]} Bb4 {[%emt 0:00:54]} 1/2-1/2

[Event "ROU-ch Open 2021"]
[Site "Iasi"]
[Date "2021.04.20"]
[Round "3.12"]
[White "Nastore, Pavel-Alexandru"]
[Black "Stoleriu, George"]
[Result "1/2-1/2"]
[WhiteElo "2256"]
[BlackElo "2349"]
[Annotator "NA"]
[PlyCount "69"]
[EventDate "2021.04.19"]
[EventType "swiss"]
[EventCountry "ROU"]
[SourceTitle "playchess.com"]
[Source "ChessBase"]
[SourceQuality "1"]
[TimeControl "5400+30"]

1. e4 {[%emt 0:00:00]} e6 {[%emt 0:00:00]} 2. d4 {[%emt 0:00:00]} d5 {[%emt 0:00:00]} 3. Nc3 {[%emt 0:00:00]} Nf6 {[%emt 0:00:00]} 4. Bg5 {[%emt 0:00:02]} Bb4 {[%emt 0:00:00]} 5. e5 {[%emt 0:00:22]} h6 {[%emt 0:00:00]} 6. Bd2 {[%emt 0:00:22]} Bxc3 {[%emt 0:00:15]} 7. bxc3 {[%emt 0:00:04]} Ne4 {[%emt 0:00:05]} 8. Bc1 {[%emt 0:00:25]} c5 {[%emt 0:01:04]} 9. Ne2 {[%emt 0:00:23]} Qa5 {[%emt 0:20:43]} 10. f3 $14 {[%emt 0:00:08]} Ng5 {[%emt 0:07:07]} 11. h4 {[%emt 0:06:03]} Nh7 {[%emt 0:00:13]} 12. Qd2 {[%emt 0:16:56]} Nc6 {[%emt 0:02:52]} 13. a4 {[%emt 0:01:17]} b6 {[%emt 0:01:45]} 14. Qe3 {[%emt 0:11:36]} Ba6 {[%emt 0:11:15]} 15. Bd2 {[%emt 0:00:46]} Bxe2 {[%emt 0:03:12]} 16. Bxe2 {[%emt 0:00:07]} c4 {[%emt 0:00:14]} 17. g4 {[%emt 0:06:42]} O-O-O {[%emt 0:04:10]} 18. f4 {[%emt 0:04:25]} Rde8 {[%emt 0:06:05]} 19. Kf2 {[%emt 0:12:08]} Qa6 {[%emt 0:06:51]} 20. Bc1 {[%emt 0:02:47]} f6 {[%emt 0:05:38]} 21. Kg2 {[%emt 0:00:45]} Qb7 {[%emt 0:05:52]} 22. Bf3 {[%emt 0:00:21]} Qf7 {[%emt 0:01:07]} 23. Ba3 {[%emt 0:04:44]} Qg6 {[%emt 0:02:50]} 24. Qe2 {[%emt 0:05:07]} Nf8 {[%emt 0:05:27]} 25. Rab1 {[%emt 0:12:08]} h5 {[%emt 0:02:36]} 26. g5 {[%emt 0:01:22]} f5 {[%emt 0:02:33]} 27. Rb5 {[%emt 0:02:43]} Qf7 {[%emt 0:01:25]} 28. Rhb1 {[%emt 0:00:58]} Rd8 {[%emt 0:05:51]} 29. Qf1 {[%emt 0:01:14]} Rd7 {[%emt 0:01:08]} 30. Be2 {[%emt 0:00:56]} Ng6 {[%emt 0:02:41]} 31. Kg3 {[%emt 0:00:45]} Nge7 {[%emt 0:00:17]} 32. Bd6 {[%emt 0:00:05]} Rb7 {[%emt 0:00:46]} 33. Qc1 {[%emt 0:03:17]} Na5 {[%emt 0:00:38]} 34. Bf3 {[%emt 0:03:26]} Nec6 {[%emt 0:00:48]} 35. Qa3 {[%emt 0:00:21]} 1/2-1/2

[Event "ROU-ch Open 2021"]
[Site "Iasi"]
[Date "2021.04.20"]
[Round "3.13"]
[White "Gavrilescu, David"]
[Black "Stepanencu, Nicodim-Cosmin"]
[Result "1-0"]
[WhiteElo "2476"]
[BlackElo "2104"]
[Annotator "RC"]
[PlyCount "50"]
[EventDate "2021.04.19"]
[EventType "swiss"]
[EventCountry "ROU"]
[SourceTitle "playchess.com"]
[Source "ChessBase"]
[SourceQuality "1"]
[TimeControl "5400+30"]

1. e4 {[%emt 0:00:00]} c5 {[%emt 0:00:00]} 2. Nf3 {[%emt 0:00:00]} d6 {[%emt 0:00:03]} 3. Bb5+ {[%emt 0:00:42]} Bd7 {[%emt 0:00:00]} 4. Bxd7+ {[%emt 0:00:10]} Nxd7 {[%emt 0:00:00]} 5. O-O {[%emt 0:00:26]} Ngf6 {[%emt 0:00:00]} 6. Qe2 {[%emt 0:00:16]} e6 {[%emt 0:00:00]} 7. b3 {[%emt 0:00:30]} Be7 {[%emt 0:00:02]} 8. Bb2 {[%emt 0:01:19]} O-O {[%emt 0:01:00]} 9. c4 {[%emt 0:00:54]} a6 {[%emt 0:02:24]} 10. d4 {[%emt 0:01:32]} d5 {[%emt 0:01:18]} 11. cxd5 {[%emt 0:06:02]} exd5 {[%emt 0:00:11]} 12. e5 {[%emt 0:00:22]} Ne4 {[%emt 0:00:08]} 13. Nbd2 {[%emt 0:01:04]} f5 {[%emt 0:16:23]} 14. Rfd1 {[%emt 0:06:59]} Qb6 {[%emt 0:03:57]} 15. Nf1 {[%emt 0:09:24]} Rfd8 {[%emt 0:02:44]} 16. Ne3 {[%emt 0:07:29]} Qe6 {[%emt 0:01:21]} 17. g3 {[%emt 0:09:01]} Nf8 {[%emt 0:13:55]} 18. dxc5 {[%emt 0:06:53]} Bxc5 {[%emt 0:00:16]} 19. Nd4 {[%emt 0:01:06]} Bxd4 {[%emt 0:00:13]} 20. Rxd4 {[%emt 0:01:51]} Qxe5 {[%emt 0:19:53]} 21. Rxd5 {[%emt 0:01:11]} Qe6 {[%emt 0:00:08]} 22. Rxf5 {[%emt 0:04:37]} Ng6 {[%emt 0:05:42]} 23. Qg4 {[%emt 0:02:33]} Rd7 {[%emt 0:01:22]} 24. h4 {[%emt 0:02:23]} h5 {[%emt 0:05:19]} 25. Rxh5 {[%emt 0:04:37]} Qxg4 {[%emt 0:00:13]} 1-0

[Event "ROU-ch Open 2021"]
[Site "Iasi"]
[Date "2021.04.20"]
[Round "3.14"]
[White "Ognean, Mihnea-Ionut"]
[Black "Antal, Hunor-Zoltan"]
[Result "1/2-1/2"]
[WhiteElo "2298"]
[BlackElo "2023"]
[Annotator "NA"]
[PlyCount "106"]
[EventDate "2021.04.19"]
[EventType "swiss"]
[EventCountry "ROU"]
[SourceTitle "playchess.com"]
[Source "ChessBase"]
[SourceQuality "1"]
[TimeControl "5400+30"]

1. e4 {[%emt 0:00:00]} e6 {[%emt 0:00:00]} 2. d4 {[%emt 0:00:04]} d5 {[%emt 0:00:00]} 3. Nd2 {[%emt 0:00:24]} c5 {[%emt 0:00:00]} 4. Ngf3 {[%emt 0:00:15]} Nc6 {[%emt 0:00:07]} 5. exd5 {[%emt 0:00:55]} exd5 {[%emt 0:00:02]} 6. Bb5 {[%emt 0:00:48]} Qe7+ {[%emt 0:00:24]} 7. Qe2 {[%emt 0:03:04]} Qxe2+ {[%emt 0:00:09]} 8. Kxe2 {[%emt 0:04:43]} cxd4 {[%emt 0:01:18]} 9. Nb3 {[%emt 0:03:08]} Bd6 {[%emt 0:00:43]} 10. Nfxd4 {[%emt 0:03:55]} Nge7 {[%emt 0:02:00]} 11. Be3 {[%emt 0:03:10]} Bd7 {[%emt 0:00:43]} 12. Bxc6 {[%emt 0:04:38]} bxc6 {[%emt 0:00:44]} 13. Nf3 {[%emt 0:00:11]} f6 {[%emt 0:05:38]} 14. Kd2 {[%emt 0:01:07]} Kf7 {[%emt 0:01:06]} 15. Bc5 {[%emt 0:01:27]} Bf4+ {[%emt 0:00:29]} 16. Kc3 {[%emt 0:01:09]} g5 {[%emt 0:20:34]} 17. Nfd4 {[%emt 0:09:28]} Ng6 {[%emt 0:03:24]} 18. a4 {[%emt 0:01:05]} Be5 {[%emt 0:08:28]} 19. g3 {[%emt 0:05:55]} Nf8 {[%emt 0:03:18]} 20. h4 {[%emt 0:05:44]} Ne6 {[%emt 0:13:11]} 21. hxg5 {[%emt 0:11:49]} fxg5 {[%emt 0:01:27]} 22. f4 {[%emt 0:05:03]} Bf6 {[%emt 0:01:28]} 23. Rh6 {[%emt 0:07:46]} Kg7 {[%emt 0:11:00]} 24. Rah1 {[%emt 0:04:07]} gxf4 {[%emt 0:02:19]} 25. gxf4 {[%emt 0:00:06]} Nxf4 {[%emt 0:00:33]} 26. Rxf6 {[%emt 0:05:40]} Kxf6 {[%emt 0:00:28]} 27. Rf1 {[%emt 0:00:03]} Kg5 {[%emt 0:01:14]} 28. Nf3+ {[%emt 0:04:39]} Kh5 {[%emt 0:02:20]} 29. Nbd4 {[%emt 0:00:54]} Rhe8 {[%emt 0:02:45]} 30. Bd6 {[%emt 0:01:34]} Ne2+ {[%emt 0:02:06]} 31. Nxe2 {[%emt 0:00:23]} Rxe2 {[%emt 0:00:01]} 32. Rh1+ {[%emt 0:00:25]} Kg4 {[%emt 0:00:17]} 33. Ne5+ {[%emt 0:00:23]} Rxe5 {[%emt 0:00:26]} 34. Bxe5 {[%emt 0:00:07]} h5 {[%emt 0:00:35]} 35. Kd4 {[%emt 0:02:02]} Re8 {[%emt 0:00:50]} 36. Rg1+ {[%emt 0:00:07]} Kf5 {[%emt 0:00:31]} 37. Rf1+ {[%emt 0:00:17]} Kg4 {[%emt 0:00:34]} 38. Rg1+ {[%emt 0:00:13]} Kf5 {[%emt 0:02:29]} 39. Rf1+ {[%emt 0:00:16]} Kg5 {[%emt 0:00:40]} 40. Rf7 {[%emt 0:01:16]} c5+ {[%emt 0:02:23]} 41. Kxc5 {[%emt 0:00:06]} Bxa4 {[%emt 0:00:51]} 42. Rxa7 {[%emt 0:00:51]} Rxe5 {[%emt 0:00:48]} 43. Rxa4 {[%emt 0:00:04]} Re2 {[%emt 0:00:29]} 44. Kxd5 {[%emt 0:03:59]} Rxc2 {[%emt 0:00:08]} 45. b4 {[%emt 0:01:08]} h4 {[%emt 0:00:11]} 46. Ra8 {[%emt 0:00:20]} h3 {[%emt 0:00:35]} 47. Rh8 {[%emt 0:00:06]} h2 {[%emt 0:00:31]} 48. b5 {[%emt 0:00:08]} Kg4 {[%emt 0:00:28]} 49. b6 {[%emt 0:00:06]} Rb2 {[%emt 0:00:14]} 50. Kc6 {[%emt 0:00:05]} Kg3 {[%emt 0:00:05]} 51. b7 {[%emt 0:00:06]} Rxb7 {[%emt 0:00:07]} 52. Kxb7 {[%emt 0:00:03]} Kg2 {[%emt 0:00:07]} 53. Rxh2+ {[%emt 0:00:03]} Kxh2 {[%emt 0:00:08]} 1/2-1/2

[Event "ROU-ch Open 2021"]
[Site "Iasi"]
[Date "2021.04.20"]
[Round "3.15"]
[White "Daianu, Cristian-Clement"]
[Black "Botea, David-Alexandru"]
[Result "1/2-1/2"]
[WhiteElo "2234"]
[BlackElo "2015"]
[Annotator "NA"]
[PlyCount "65"]
[EventDate "2021.04.19"]
[EventType "swiss"]
[EventCountry "ROU"]
[SourceTitle "playchess.com"]
[Source "ChessBase"]
[SourceQuality "1"]
[TimeControl "5400+30"]

1. e4 {[%emt 0:09:48]} d6 {[%emt 0:00:00]} 2. d4 {[%emt 0:00:22]} Nf6 {[%emt 0:00:00]} 3. Nc3 {[%emt 0:00:07]} g6 {[%emt 0:00:00]} 4. Be2 {[%emt 0:00:26]} Bg7 {[%emt 0:00:00]} 5. h4 {[%emt 0:00:06]} c5 {[%emt 0:00:05]} 6. d5 {[%emt 0:00:22]} h5 {[%emt 0:02:13]} 7. Nh3 {[%emt 0:00:44]} Nbd7 {[%emt 0:09:41]} 8. a4 {[%emt 0:04:17]} Ne5 {[%emt 0:05:23]} 9. Ng5 {[%emt 0:15:18]} O-O {[%emt 0:05:33]} 10. Bf4 {[%emt 0:06:53]} Nfg4 {[%emt 0:11:28]} 11. Qd2 {[%emt 0:08:25]} Qb6 {[%emt 0:06:45]} 12. Nd1 {[%emt 0:14:54]} f5 {[%emt 0:16:27]} 13. a5 {[%emt 0:12:17]} Qd8 {[%emt 0:01:03]} 14. f3 {[%emt 0:04:54]} Nf6 {[%emt 0:01:20]} 15. Nc3 {[%emt 0:05:51]} fxe4 {[%emt 0:01:18]} 16. Ncxe4 {[%emt 0:00:19]} Nxe4 17. Nxe4 {[%emt 0:00:35]} Bf5 {[%emt 0:01:20]} 18. Ng5 {[%emt 0:01:14]} Qd7 {[%emt 0:08:04]} 19. O-O {[%emt 0:06:25]} b5 {[%emt 0:02:42]} 20. Ra3 {[%emt 0:04:44]} Nf7 {[%emt 0:11:57]} 21. Nxf7 {[%emt 0:01:43]} Rxf7 {[%emt 0:00:06]} 22. c3 {[%emt 0:00:40]} a6 {[%emt 0:00:24]} 23. Re1 {[%emt 0:00:24]} Rb8 {[%emt 0:04:42]} 24. Raa1 {[%emt 0:00:27]} Rbf8 {[%emt 0:01:53]} 25. Bg3 {[%emt 0:00:07]} Kh7 {[%emt 0:00:25]} 26. Bd3 {[%emt 0:00:22]} Bh6 {[%emt 0:00:14]} 27. Qc2 {[%emt 0:00:08]} c4 {[%emt 0:05:31]} 28. Bxf5 {[%emt 0:00:08]} Rxf5 {[%emt 0:00:02]} 29. Re6 {[%emt 0:00:23]} R8f7 {[%emt 0:02:16]} 30. Rae1 {[%emt 0:00:16]} Bg7 {[%emt 0:02:37]} 31. Bf2 {[%emt 0:02:03]} Bf6 {[%emt 0:00:48]} 32. Qe4 {[%emt 0:00:45]} Qb7 {[%emt 0:01:04]} 33. Rd1 {[%emt 0:00:10]} 1/2-1/2